[Event "Høstturnering"]
[Site "Ås"]
[Date "1986.09.23"]
[Round "1"]
[White "Wilberg, Alf"]
[Black "Lea, Per"]
[Result "1-0"]
[WhiteElo "1369"]
[BlackElo "1712"]
[PlyCount "113"]
[EventDate "1986.09.23"]

1. d4 d5 2. Nf3 e6 3. Bf4 c5 4. e3 Nc6 5. Nbd2 Nge7 6. Be2 Ng6 7. Bg3 Qb6 8.
dxc5 Qxb2 9. Nb3 Bxc5 10. Nxc5 Qc3+ 11. Nd2 Qxc5 12. Nb3 Qc3+ 13. Qd2 Qxd2+ 14.
Kxd2 b6 15. Bb5 Bb7 16. Nd4 Rc8 17. Rab1 O-O 18. Rhc1 Rfd8 19. c3 e5 20. Nxc6
Bxc6 21. Ba6 Ra8 22. f3 f6 23. Ke2 Rd7 24. Rd1 Rad8 25. Rb4 Nf8 26. Bb5 Rc7 27.
e4 Bxb5+ 28. Rxb5 Rxc3 29. Rbxd5 Rc2+ 30. R1d2 Rxd2+ 31. Kxd2 Rxd5+ 32. exd5
Kf7 33. f4 Nd7 34. fxe5 Nxe5 35. Kc3 Ke7 36. Kd4 Kd6 37. Bf4 a5 38. a4 g5 39.
Bg3 h5 40. h4 gxh4 41. Bxh4 Ng4 42. Bg3+ Kd7 43. Bf4 h4 44. Kc4 Ne5+ 45. Kb5
Kd6 46. Kxb6 Kxd5 47. Kxa5 Kc6 48. Bxe5 fxe5 49. Kb4 Kb6 50. Kc4 Ka5 51. Kd5
Kxa4 52. Kxe5 Kb5 53. Kf4 h3 54. gxh3 Kc6 55. Kf5 Kd7 56. Kf6 Ke8 57. Kg7 1-0

[Event "Høstturnering"]
[Site "Ås"]
[Date "1986.09.30"]
[Round "2"]
[White "Stensland, Martin"]
[Black "Larsen, Vidar Stave"]
[Result "1-0"]
[WhiteElo "1228"]
[BlackElo "720"]
[PlyCount "45"]
[EventDate "1986.09.23"]

1. c4 e5 2. Nc3 Nf6 3. Qc2 Bb4 4. Nf3 Nc6 5. a3 Be7 6. e3 O-O 7. Bd3 g6 8. b4
a6 9. h4 b5 10. Nd5 Re8 11. Nxf6+ Bxf6 12. Be4 Bb7 13. c5 d5 14. cxd6 Qxd6 15.
Bb2 a5 16. h5 axb4 17. hxg6 hxg6 18. Bxg6 Kf8 19. Bxf7 Re7 20. Bb3 bxa3 21. Qf5
Bc8 22. Rh8+ Kg7 23. Qh7# 1-0

[Event "Høstturnering"]
[Site "Ås"]
[Date "1986.09.30"]
[Round "2"]
[White "Skaug, Thorbjørn"]
[Black "Grønvold, Jan"]
[Result "1/2-1/2"]
[WhiteElo "1222"]
[BlackElo "1081"]
[PlyCount "62"]
[EventDate "1986.09.23"]

1. b4 d5 2. Bb2 Nf6 3. e3 b6 4. Nf3 Nbd7 5. c4 Bb7 6. d3 e6 7. b5 a6 8. a4 Bb4+
9. Nbd2 O-O 10. Be2 Re8 11. Qc2 e5 12. Ng5 h6 13. h4 hxg5 14. hxg5 Bxd2+ 15.
Kxd2 Nh7 16. Rh2 Nxg5 17. Rah1 Kf8 18. Ba3+ Nc5 19. d4 exd4 20. exd4 dxc4 21.
Qxc4 axb5 22. Bxc5+ bxc5 23. Qxc5+ Qd6 24. Rh8+ Ke7 25. Qxg5+ Qf6 26. Rxe8+
Rxe8 27. Qxf6+ Kxf6 28. Bxb5 Rd8 29. Kc3 Bxg2 30. Rg1 Bf3 31. Rg3 Bd5 1/2-1/2

[Event "Høstturnering"]
[Site "Ås"]
[Date "1986.10.09"]
[Round "2"]
[White "Lea, Per"]
[Black "Samset, Jon"]
[WhiteElo "1712"]
[BlackElo "955"]
[Result "1-0"]
[PlyCount "51"]
[EventDate "1986.09.23"]
1.e4 e5 2.Nf3 Nc6 3.Bc4 Be7 4.d4 d6 5.Nc3 exd4 6.Nxd4 Nf6 7.Bg5 Nxe4
8.Bxe7 Qxe7 9.Nxc6 bxc6 10.Nxe4 Qxe4+ 11.Qe2 Qxe2+ 12.Kxe2 O-O 13.
Rhe1 Re8+ 14.Kd2 Rxe1 15.Rxe1 Kf8 16.Re3 Bd7 17.Rb3 Be6 18.Bxe6 fxe6
19.Rb7 a5 20.Rxc7 c5 21.Kc3 Rb8 22.Ra7 Rb4 23.Rxa5 Rd4 24.Ra8+ Ke7
25.a4 Rd1 26.a5
1-0

[Event "Høstturnering"]
[Site "Ås"]
[Date "1986.09.30"]
[Round "3"]
[White "Stensland, Martin"]
[Black "Skaug, Thorbjørn"]
[Result "1-0"]
[WhiteElo "1228"]
[BlackElo "1222"]
[PlyCount "55"]
[EventDate "1986.09.23"]

1. Nf3 b5 2. d4 Bb7 3. Bg5 Nf6 4. Bxf6 exf6 5. e3 b4 6. Bd3 c5 7. O-O d6 8.
dxc5 dxc5 9. Bb5+ Nd7 10. Qxd7+ Qxd7 11. Bxd7+ Kxd7 12. Rd1+ Kc7 13. Nbd2 Rd8
14. e4 Bd6 15. a3 a5 16. c3 Rhe8 17. cxb4 axb4 18. axb4 cxb4 19. Rdc1+ Kb8 20.
Ra5 Rc8 21. Rd1 Bc7 22. Rb5 Bd6 23. Nb3 Bf8 24. Na5 Rc7 25. Nd4 Kc8 26. Nxb7
Rxb7 27. Rc1+ Kb8 28. Nc6+ 1-0

[Event "Høstturnering"]
[Site "Ås"]
[Date "1986.09.30"]
[Round "3"]
[White "Stensland, Espen"]
[Black "Wilberg, Alf"]
[Result "1/2-1/2"]
[WhiteElo "1112"]
[BlackElo "1369"]
[PlyCount "50"]
[EventDate "1986.09.23"]

1. c4 b6 2. Nc3 Bb7 3. e3 e6 4. Nf3 Nf6 5. d4 Bb4 6. Bd2 O-O 7. a3 Bxc3 8. Bxc3
d6 9. Bd3 Nbd7 10. b4 Ne4 11. Bxe4 Bxe4 12. O-O f5 13. d5 exd5 14. cxd5 Nf6 15.
Nd4 Nxd5 16. Ne6 Nxc3 17. Qd2 Qf6 18. Nxf8 Rxf8 19. Rac1 Na4 20. Rxc7 Rf7 21.
Rc8+ Rf8 22. Rfc1 Rxc8 23. Rxc8+ Kf7 24. Rc7+ Kg6 25. f3 Ba8 1/2-1/2

[Event "Høstturnering"]
[Site "Ås"]
[Date "1986.10.23"]
[Round "3"]
[White "Grønvold, Jan"]
[Black "Lea, Per"]
[WhiteElo "1081"]
[BlackElo "1712"]
[Result "0-1"]
[PlyCount "82"]
[EventDate "1986.09.23"]
1.d4 d5 2.c4 e5 3.dxe5 d4 4.Nf3 Nc6 5.b3 Bf5 6.Bb2 Bc5 7.g3 Nge7 8.
Na3 Bb4+ 9.Nd2 Nxe5 10.Bg2 N7c6 11.O-O Qd7 12.Nb5 a6 13.Na3 Bh3 14.
Nc2 Bxg2 15.Kxg2 h5 16.h4 Be7 17.f4 Ng4 18.Nf3 O-O-O 19.Bxd4 Nxd4 20.
Nfxd4 Bf6 21.e3 Nxe3+ 22.Nxe3 Bxd4 23.Nd5 Bxa1 24.Qxa1 f6 25.Rd1 Qf7
26.Qd4 Kb8 27.Qc5 c6 28.Nc3 Rxd1 29.Nxd1 Rd8 30.Nc3 Qd7 31.Qxh5 Qd2+
32.Ne2 Qxa2 33.Qf3 Rd2 34.Kf2 Rb2 35.Qd3 Qxb3 36.Qd8+ Ka7 37.c5 Qc4
38.Qe7 Rc2 39.Ke1 Qxc5 40.Qxg7 Qe3 41.Qg4 Rc1#
0-1

[Event "Høstturnering"]
[Site "Ås"]
[Date "1986.10.28"]
[Round "4"]
[White "Roberts, Dewi S"]
[Black "Wilberg, Alf"]
[Result "0-1"]
[WhiteElo "989"]
[BlackElo "1369"]
[PlyCount "84"]
[EventDate "1986.09.23"]

1. e4 b6 2. d4 e6 3. Be3 Bb7 4. Bd3 f5 5. Nd2 Nf6 6. f3 fxe4 7. Nxe4 Nxe4 8.
fxe4 Bxe4 9. Bxe4 Qh4+ 10. g3 Qxe4 11. Qf3 Qxf3 12. Nxf3 Nc6 13. c3 Be7 14. Bf4
O-O-O 15. O-O h6 16. h4 Rhg8 17. Rfe1 Rdf8 18. b4 g5 19. hxg5 hxg5 20. d5 gxf4
21. dxc6 Rxg3+ 22. Kf2 Rfg8 23. cxd7+ Kxd7 24. Rad1+ Bd6 25. Rg1 Rxg1 26. Nxg1
e5 27. Ne2 Ke6 28. Re1 Kf5 29. Kf3 Rh8 30. Rf1 e4+ 31. Kf2 Rh2+ 32. Ke1 f3 33.
Nd4+ Kf4 34. Rf2 Rxf2 35. Kxf2 e3+ 36. Ke1 Ke4 37. b5 Bg3+ 38. Kd1 e2+ 39. Nxe2
fxe2+ 40. Kxe2 Bf4 41. a3 Bc1 42. a4 Bf4 0-1

[Event "Høstturnering"]
[Site "Ås"]
[Date "1986.10.28"]
[Round "4"]
[White "Lea, Per"]
[Black "Skaug, Thorbjørn"]
[WhiteElo "1712"]
[BlackElo "1222"]
[Result "1-0"]
[PlyCount "57"]
[EventDate "1986.09.23"]
1.e4 a6 2.d4 b5 3.Bf4 Bb7 4.Nd2 e6 5.Ngf3 c5 6.c4 b4 7.d5 Be7 8.Bd3
exd5 9.cxd5 d6 10.Nc4 Qc7 11.Qa4+ Nd7 12.e5 Bxd5 13.exd6 Bc6 14.Qb3
Qb8 15.Nce5 Nxe5 16.Nxe5 Qxd6 17.Qxf7+ Kd8 18.Qxg7 Qe6 19.O-O-O Bd5
20.Qxh8 Bf6 21.Bf5 Bxh8 22.Bxe6 Ne7 23.Bxd5 Nxd5 24.Rxd5+ Ke7 25.Re1
Ke6 26.Rxc5 Rd8 27.Nc6+ Kd7 28.Rd1+ Kc8 29.Rxd8+
1-0

[Event "Høstturnering"]
[Site "Ås"]
[Date "1986.11.04"]
[Round "5"]
[White "Stensland, Espen"]
[Black "Lea, Per"]
[WhiteElo "1112"]
[BlackElo "1712"]
[PlyCount "98"]
[EventDate "1986.09.23"]
[Result "0-1"]
1.c4 Nf6 2.Nc3 g6 3.Nf3 Bg7 4.d4 O-O 5.e4 d6 6.Bd3 Nbd7 7.O-O e5 8.
d5 Nc5 9.Bc2 a5 10.Be3 b6 11.Bxc5 bxc5 12.a3 Ba6 13.Qe2 Qe7 14.Ba4
Nd7 15.Bc6 Rab8 16.Nb5 Nb6 17.b4 cxb4 18.axb4 Bxb5 19.Bxb5 axb4 20.
Rab1 Nd7 21.Rxb4 Nc5 22.Rfb1 f5 23.Nd2 Bh6 24.exf5 Rxf5 25.Ne4 Nxe4
26.Qxe4 Rbf8 27.Rf1 Rf4 28.Qc2 e4 29.c5 dxc5 30.Rb3 Bg7 31.Bc4 Kh8
32.Re3 Bd4 33.Re2 e3 34.f3 g5 35.Bd3 g4 36.Be4 gxf3 37.Rxf3 Rxf3 38.
Bxf3 Qg5 39.Qe4 Qf4 40.Qd3 Rg8 41.Be4 Rf8 42.Bf3 Be5 43.Kf1 Bd4 44.
Kg1 Ra8 45.Re1 Be5 46.Kf1 Qxh2 47.Rb1 Qh1+ 48.Ke2 Ra2+ 49.Kxe3 Qh6+
0-1

[Event "Høstturnering"]
[Site "Ås"]
[Date "1986.11.16"]
[Round "6"]
[White "Lea, Per"]
[Black "Stensland, Martin"]
[WhiteElo "1712"]
[BlackElo "1228"]
[Result "1-0"]
[PlyCount "99"]
[EventDate "1986.09.23"]
1.e4 e6 2.d4 d5 3.Nc3 Nf6 4.Bg5 Be7 5.e5 Nfd7 6.h4 c5 7.Bxe7 Qxe7 8.
Nb5 Qd8 9.Nd6+ Kf8 10.Qh5 g6 11.Qh6+ Kg8 12.h5 cxd4 13.hxg6 fxg6 14.
Qf4 Qf8 15.Qxf8+ Kxf8 16.Nxc8 Nxe5 17.Nd6 b6 18.Nb5 Nbc6 19.O-O-O Ng4
20.Nh3 e5 21.Nc7 Rc8 22.Nxd5 Kg7 23.Be2 Nh6 24.Ng5 Rhe8 25.Rxh6 Kxh6
26.Nf7+ Kg7 27.Nd6 Rf8 28.Nxc8 Rxc8 29.Bd3 Rd8 30.Be4 b5 31.Nf4 Rd6
32.Nd3 Kf6 33.Re1 Na5 34.Nxe5 Kxe5 35.Bxg6+ Kf6 36.Bxh7 Nc6 37.a3 a5
38.Rh1 Kg7 39.Bd3 b4 40.axb4 Nxb4 41.Rh7+ Kg8 42.Rh5 Rc6 43.Kd2 Rf6
44.f3 Nc6 45.Be4 Ne7 46.Rxa5 Rb6 47.Re5 Kf8 48.b3 Nc8 49.Rd5 Rb4 50.
Rd8+
1-0

[Event "Høstturnering"]
[Site "ÅS"]
[Date "1986.11.25"]
[Round "7"]
[White "Roberts, Dewi S"]
[Black "Lea, Per"]
[WhiteElo "989"]
[BlackElo "1712"]
[PlyCount "102"]
[EventDate "1986.09.23"]
[Result "0-1"]
1.e4 e5 2.Nf3 Nc6 3.Bc4 Nf6 4.d3 Bc5 5.Nc3 O-O 6.Be3 Bb6 7.Nd5 Ba5+
8.c3 d6 9.Qa4 Bd7 10.Nxf6+ Qxf6 11.Bd5 Bb6 12.Qb3 Na5 13.Qb4 c6 14.
Bxb6 axb6 15.Bb3 Nxb3 16.Qxb3 b5 17.O-O Bg4 18.Ne1 Be2 19.Nc2 Bxf1 20.
Kxf1 Qh4 21.h3 Kh8 22.Ne3 g6 23.Qb4 Rad8 24.a4 f5 25.axb5 fxe4 26.f3
Qf4 27.Qxe4 Qh2 28.Kf2 Rf4 29.Ng4 Rxe4 30.Nxh2 Rf4 31.bxc6 bxc6 32.g3
Rff8 33.Ng4 Ra8 34.Rb1 Ra2 35.Ne3 d5 36.Nd1 Ra7 37.Ke3 Raf7 38.f4
exf4+ 39.gxf4 Rxf4 40.b4 Rf3+ 41.Kd4 Rxh3 42.Ne3 Rf4+ 43.Ke5 Rff3 44.
Nxd5 cxd5 45.Kxd5 Rxd3+ 46.Kc5 Rxc3+ 47.Kb5 Rb3 48.Rc1 Rh4 49.Rc4 Rxc4
50.Kxc4 Rxb4+ 51.Kxb4 h5
0-1

[Event "Høstturnering"]
[Site "ÅS"]
[Date "1986.??.??"]
[Round "?"]
[White "Skaug, Thorbjørn"]
[Black "Roberts, Dewi S"]
[WhiteElo "1222"]
[BlackElo "989"]
[Result "1-0"]
[PlyCount "78"]
[EventDate "1986.09.23"]

1. b4 e5 2. Bb2 Bxb4 3. Bxe5 Nf6 4. c4 Nc6 5. Bb2 O-O 6. e3 Re8 7. Nf3 d6 8.
Be2 b6 9. a3 Ba5 10. Qc2 Ne7 11. Bxf6 gxf6 12. Bd3 Ng6 13. Be4 Rb8 14. Nc3 Bxc3
15. dxc3 Qe7 16. Bc6 Rd8 17. Nd4 a6 18. Bd5 Bd7 19. Bc6 Kh8 20. Nf5 Bxf5 21.
Qxf5 Qe6 22. Qxe6 fxe6 23. f4 Rg8 24. h4 h6 25. g4 Rg7 26. O-O-O Nf8 27. Rdg1
Nh7 28. g5 Rbg8 29. Be4 f5 30. Bd3 Nf6 31. Rf1 Ng4 32. Kd2 Rh7 33. Be2 h5 34.
Bd3 a5 35. e4 Rf7 36. exf5 exf5 37. c5 dxc5 38. Bc4 Rd8+ 39. Kc1 Re7 {
Svart tapte på tid} 1-0

[Event "Høstturnering"]
[Site "ÅS"]
[Date "1986.??.??"]
[Round "?"]
[White "Grønvold, Jan"]
[Black "Larsen, Vidar Stave"]
[WhiteElo "1081"]
[BlackElo "720"]
[Result "1-0"]
[PlyCount "91"]
[EventDate "1986.09.23"]

1. d4 d5 2. c4 Nf6 3. Nc3 c6 4. Nf3 e6 5. Bg5 Be7 6. e3 O-O 7. Bd3 Nbd7 8. O-O
h6 9. Bh4 a5 10. cxd5 cxd5 11. Rc1 b6 12. Bb1 Ba6 13. Re1 b5 14. Qc2 b4 15. Ne5
g5 16. Bxg5 hxg5 17. Ne2 Bxe2 18. Rxe2 Rc8 19. Nc6 Qe8 20. Qd3 Nb8 21. Nxe7+
Qxe7 22. Rf1 Qb7 23. f4 g4 24. f5 Ne4 25. Ree1 Rfe8 26. Rf4 exf5 27. Rxf5 f6
28. Qe2 Qg7 29. Rxd5 a4 30. Rb5 Na6 31. Ra5 Nb8 32. Rxa4 g3 33. Bxe4 gxh2+ 34.
Kh1 Rxe4 35. Rxb4 Rce8 36. Rb3 Nc6 37. Qc4+ R8e6 38. Rd3 Qg3 39. Re2 Kg7 40.
Qc3 f5 41. d5+ R6e5 42. dxc6 Kg6 43. c7 f4 44. c8=Q f3 45. Qg8+ Kf6 46. Qxg3
1-0

[Event "Høstturnering"]
[Site "ÅS"]
[Date "1986.??.??"]
[Round "?"]
[White "Johansen, Anders Sten"]
[Black "Samset, Jon"]
[WhiteElo "1182"]
[BlackElo "955"]
[Result "1-0"]
[PlyCount "79"]
[EventDate "1986.09.23"]

1. e4 e5 2. Nf3 Nc6 3. Bb5 a6 4. Ba4 b5 5. Bb3 Nf6 6. O-O Be7 7. Re1 O-O 8. c3
d6 9. h3 Be6 10. d4 Bxb3 11. Qxb3 Na5 12. Qd1 Qb8 13. dxe5 dxe5 14. Nxe5 c5 15.
Nd7 Nxd7 16. Qxd7 Ra7 17. Qg4 Kh8 18. Nd2 Nc6 19. Nf3 Ne5 20. Nxe5 Qxe5 21. Bf4
Qe6 22. Qxe6 fxe6 23. Bg3 c4 24. Rad1 Bc5 25. Re2 Raf7 26. Kf1 a5 27. f3 g5 28.
Bd6 Bxd6 29. Rxd6 Rb8 30. Red2 Re7 31. Rd8+ Re8 32. Rxe8+ Rxe8 33. Rd6 b4 34.
cxb4 axb4 35. Rc6 c3 36. bxc3 bxc3 37. Rxc3 Ra8 38. a3 Rb8 39. Kf2 Rb2+ 40. Kg3
1-0

[Event "Vårturnering"]
[Site "Ås"]
[Date "1987.01.27"]
[Round "1"]
[White "Skaug, Thorbjørn"]
[Black "Lea, Per"]
[WhiteElo "1167"]
[BlackElo "1708"]
[Result "0-1"]
[PlyCount "96"]
[EventDate "1987.01.21"]
1.b4 e5 2.b5 d5 3.Nf3 Bd6 4.Bb2 Qe7 5.e3 Nf6 6.d3 c6 7.c4 O-O 8.
Nbd2 Bg4 9.Be2 cxb5 10.cxb5 Nbd7 11.O-O Rfc8 12.a4 Rc7 13.Rc1 Rac8 14.
Rxc7 Rxc7 15.Re1 Ba3 16.Qa1 Bb4 17.Qd1 Bc3 18.Bxc3 Rxc3 19.Qa1 Ra3 20.
Qc1 Rxa4 21.Qc8+ Nf8 22.Qc3 e4 23.dxe4 dxe4 24.Nd4 Bxe2 25.Nxe2 Qb4
26.Qxb4 Rxb4 27.Rb1 Rxb1+ 28.Nxb1 Ne6 29.Nbc3 Nc5 30.Ng3 g6 31.h3 Kf8
32.Kf1 Ke7 33.Nge2 Ke6 34.Nf4+ Ke5 35.g4 g5 36.Nfe2 Nd5 37.Nxd5 Kxd5
38.Ng3 Kc4 39.Nf5 Kxb5 40.Nd6+ Kb4 41.Nxf7 a5 42.Ke2 a4 43.Kd2 Kb3
44.Nd6 a3 45.Nb5 a2 46.Nd4+ Kb2 47.Nc2 b5 48.Na1 Nb3+
0-1

[Event "Vårturnering"]
[Site "Ås"]
[Date "1987.01.27"]
[Round "1"]
[White "Brotnov, Henning Jens Birger"]
[Black "Johansen, Anders Sten"]
[WhiteElo "849"]
[BlackElo "1220"]
[Result "0-1"]
[PlyCount "56"]
[EventDate "1987.01.21"]

1. e4 e5 2. Nf3 Nc6 3. c3 d5 4. Bb5 f6 5. Qa4 Nge7 6. exd5 Qxd5 7. d3 Bd7 8.
O-O g5 9. c4 Qxd3 10. Rd1 Qg6 11. Nc3 a6 12. c5 O-O-O 13. Be3 g4 14. Ne1 Nb8
15. Bxd7+ Nxd7 16. b4 c6 17. Qa5 f5 18. f4 Bh6 19. Nd3 Qe6 20. Re1 Qc4 21. Nxe5
Nxe5 22. fxe5 Bxe3+ 23. Rxe3 Qd4 24. Rae1 f4 25. Nd1 fxe3 26. Nxe3 Nd5 27. a4
Nxe3 28. Kh1 Qe4 0-1

[Event "Vårturnering"]
[Site "Ås"]
[Date "1987.01.27"]
[Round "1"]
[White "Samset, Jon"]
[Black "Wilberg, Alf"]
[WhiteElo "968"]
[BlackElo "1391"]
[Result "0-1"]
[PlyCount "80"]
[EventDate "1987.01.21"]

1. e4 b6 2. Nf3 Bb7 3. Nc3 e6 4. Bc4 Nf6 5. d3 Bc5 6. Be3 O-O 7. Bxc5 bxc5 8.
O-O Nc6 9. Qd2 Ne7 10. h3 Ng6 11. Ne2 c6 12. Qe3 Qb6 13. Rab1 a5 14. d4 d5 15.
dxc5 Qb4 16. e5 Qxc4 17. exf6 gxf6 18. Ng3 Qf4 19. Nh5 Qxe3 20. fxe3 f5 21. Ng5
Ba6 22. Rf2 h6 23. Nf3 Rab8 24. Nf6+ Kg7 25. Nd7 e5 26. Nxb8 Rxb8 27. c3 f6 28.
b4 f4 29. exf4 Nxf4 30. Kh2 Ne2 31. Rb3 Bc4 32. Ra3 axb4 33. cxb4 Rxb4 34. Ra7+
Kg8 35. Nxe5 fxe5 36. Rff7 d4 37. Rg7+ Kf8 38. Rgb7 Rxb7 39. Rxb7 d3 40. Rd7
Bd5 0-1

[Event "Vårturnering"]
[Site "Ås"]
[Date "1987.02.03"]
[Round "2"]
[White "Larsen, Vidar Stave"]
[Black "Samset, Jon"]
[WhiteElo "655"]
[BlackElo "968"]
[Result "0-1"]
[PlyCount "105"]
[EventDate "1987.01.21"]

{e41-0} 1. e4 e5 2. Nf3 Nc6 3. Bb5 Nf6 4. Nc3 a6 5. Ba4 b5 6. Bb3 b4 7. Nd5
Nxe4 8. d3 Nc5 9. c4 Nxb3 10. Qxb3 a5 11. O-O d6 12. Qa4 Bd7 13. Qd1 Be7 14.
Nxe7 Qxe7 15. Bg5 Qe6 16. a3 Qg6 17. h3 h6 18. Bh4 Bxh3 19. Bg3 Bg4 20. axb4
Nxb4 21. Qa4+ Ke7 22. Nh2 Nxd3 23. Nxg4 Qxg4 24. Qb3 Nc5 25. Qb5 a4 26. Ra3 Qe4
27. f3 Qg6 28. Bf2 Rab8 29. Qa5 Ne6 30. Re1 Rxb2 31. Rxa4 h5 32. Rb4 Rxb4 33.
Qxb4 h4 34. Kh2 Qg5 35. Rh1 Nf4 36. Rg1 Nd3 37. Qb7 Nxf2 38. Qxc7+ Ke6 39. g4
hxg3+ 40. Kg2 Rh2+ 41. Kf1 Qd2 (41... Qc1+ 42. Ke2 Qc2+ 43. Ke1 (43. Ke3 Qd3#)
(43. Kf1 Qd1#) 43... Qd1#) 42. Qc8+ Kf6 43. Qd8+ Kg6 44. Rxg3+ Kh7 45. Kg1 Nh3+
46. Rxh3+ Rxh3 47. Qe7 Qh2+ 48. Kf1 Rxf3+ 49. Ke1 Qf2+ 50. Kd1 Rd3+ 51. Kc1
Qd2+ 52. Kb1 Rb3+ 53. Ka1 0-1

[Event "Vårturnering"]
[Site "Ås"]
[Date "1987.02.03"]
[Round "2"]
[White "Lea, Per"]
[Black "Brotnov, Henning J B"]
[WhiteElo "1708"]
[BlackElo "849"]
[Result "1-0"]
[PlyCount "47"]
[EventDate "1987.01.21"]
1.e4 e5 2.f4 d5 3.exd5 exf4 4.Nf3 Qxd5 5.Nc3 Qd8 6.Bc4 Qe7+ 7.Qe2
Qxe2+ 8.Nxe2 Bg4 9.O-O Bxf3 10.Rxf3 g5 11.g3 Nd7 12.gxf4 gxf4 13.Rxf4
Nh6 14.Re4+ Be7 15.d4 Rg8+ 16.Ng3 Nf6 17.Rxe7+ Kxe7 18.Bxh6 Rg6 19.
Re1+ Kd7 20.Bf4 Nh5 21.Rf1 Nxg3 22.hxg3 f6 23.Kg2 h5 24.Bf7
1-0

[Event "Vårturnering"]
[Site "Ås"]
[Date "1987.02.17"]
[Round "3"]
[White "Wilberg, Alf"]
[Black "Larsen, Vidar Stave"]
[WhiteElo "1391"]
[BlackElo "655"]
[Result "1-0"]
[PlyCount "51"]
[EventDate "1987.01.21"]

1. d4 d5 2. Nf3 Nc6 3. Bf4 Bd7 4. e3 e6 5. Bd3 g6 6. c3 Bg7 7. Nbd2 f5 8. Qe2
Nf6 9. h3 Qe7 10. Bxc7 Nh5 11. g4 fxg4 12. hxg4 Nf6 13. Ne5 Nxe5 14. dxe5 Ng8
15. O-O-O Bc6 16. Bd6 Qf7 17. f4 a6 18. Nf3 Ne7 19. Ng5 Qg8 20. f5 exf5 21.
gxf5 Nxf5 22. Bxf5 gxf5 23. Qh5+ Kd7 24. Nf7 d4 25. Qxf5+ Ke8 26. Qe6# 1-0

[Event "Vårturnering"]
[Site "Ås"]
[Date "1987.02.17"]
[Round "3"]
[White "Samset, Jon"]
[Black "Johansen, Anders Sten"]
[WhiteElo "968"]
[BlackElo "1220"]
[Result "0-1"]
[PlyCount "48"]
[EventDate "1987.01.21"]

1. e4 e5 2. Nf3 Nc6 3. Bc4 Nf6 4. d3 h6 5. O-O d6 6. h3 g6 7. Nc3 Bg7 8. Be3
O-O 9. Qc1 Kh7 10. Ne2 Qe7 11. Kh2 Nd7 12. g4 Nb6 13. Rg1 Nxc4 14. dxc4 f5 15.
gxf5 gxf5 16. exf5 Bxf5 17. Rg3 e4 18. Nd2 Qh4 19. Bf4 Bxh3 20. Qe1 Bg4+ 21.
Kg1 Bxe2 22. Bxh6 Bxh6 23. Qxe2 Nd4 24. Qd1 e3 0-1

[Event "Vårturnering"]
[Site "Ås"]
[Date "1987.02.24"]
[Round "4"]
[White "Lea, Per"]
[Black "Samset, Jon"]
[WhiteElo "1708"]
[BlackElo "968"]
[Result "1-0"]
[PlyCount "55"]
[EventDate "1987.01.21"]
1.e4 e5 2.Nf3 Nc6 3.Bb5 a6 4.Ba4 b5 5.Bb3 Be7 6.O-O Nf6 7.Re1 O-O 8.
c3 h6 9.d4 exd4 10.cxd4 Re8 11.Ne5 Nxe5 12.dxe5 Nh7 13.Qh5 Rf8 14.
Bxh6 gxh6 15.Re3 Bg5 16.Rg3 Kh8 17.Nc3 c6 18.Ne2 Qe7 19.f4 Bh4 20.Rh3
Qc5+ 21.Kh1 Bg5 22.fxg5 Qxe5 23.Qxh6 Qg7 24.Nf4 Qxh6 25.Rxh6 Kg7 26.
Nh5+ Kg8 27.g6 Ng5 28.g7
1-0

[Event "Vårturnering"]
[Site "Ås"]
[Date "1987.02.24"]
[Round "4"]
[White "Johansen, Anders Sten"]
[Black "Wilberg, Alf"]
[WhiteElo "1220"]
[BlackElo "1391"]
[Result "1/2-1/2"]
[PlyCount "41"]
[EventDate "1987.01.21"]

1. e4 b6 2. d4 Bb7 3. Bd3 e6 4. Nf3 Nf6 5. Qe2 c5 6. c3 cxd4 7. cxd4 Bb4+ 8.
Nbd2 O-O 9. a3 Be7 10. O-O d6 11. Rd1 Nbd7 12. e5 dxe5 13. dxe5 Nd5 14. Ne4 Nc5
15. Nxc5 bxc5 16. Be3 Rc8 17. Rac1 Qb6 18. Rc4 Ba6 19. Ra4 Bxd3 20. Rxd3 Nxe3
21. Rxe3 1/2-1/2

[Event "Vårturnering"]
[Site "Ås"]
[Date "1987.03.03"]
[Round "5"]
[White "Wilberg, Alf"]
[Black "Lea, Per"]
[WhiteElo "1391"]
[BlackElo "1708"]
[Result "1-0"]
[PlyCount "55"]
[EventDate "1987.01.21"]
1.d4 Nf6 2.Nf3 e6 3.Bf4 d5 4.e3 c5 5.c3 Nc6 6.Nbd2 c4 7.Be2 Be7 8.
Qc2 h6 9.O-O O-O 10.h3 b5 11.a3 Bb7 12.Ne5 Nxe5 13.Bxe5 a5 14.g4 Bd6
15.f4 Ne8 16.f5 Bxe5 17.dxe5 Qb6 18.Kf2 exf5 19.gxf5 f6 20.e6 Nd6 21.
Rg1 Rfe8 22.Bh5 Re7 23.Rg3 Bc8 24.Rag1 Ne8 25.Qd1 g5 26.Bxe8 Rxe8 27.
Qh5 b4 28.Qg6+
1-0

[Event "Vårturnering"]
[Site "Ås"]
[Date "1987.03.03"]
[Round "5"]
[White "Larsen, Vidar Stave"]
[Black "Johansen, Anders Sten"]
[WhiteElo "655"]
[BlackElo "1220"]
[Result "0-1"]
[PlyCount "68"]
[EventDate "1987.01.21"]

1. e4 c6 2. d4 d5 3. Nc3 dxe4 4. Nxe4 Bf5 5. Ng3 Bg6 6. c3 Nd7 7. Nf3 Qc7 8.
Be2 Ngf6 9. O-O e6 10. c4 h5 11. Bg5 Bd6 12. Bh4 O-O-O 13. c5 Bf4 14. b4 Bf5
15. Nh1 Rhg8 16. Bg3 g5 17. a4 h4 18. Bxf4 gxf4 19. Nxh4 Rh8 20. Nf3 Rdg8 21.
a5 Bh3 22. Ng3 fxg3 23. gxh3 gxh2+ 24. Kh1 a6 25. Ne1 Rxh3 26. Bf3 e5 27. Bg2
Rh6 28. Nf3 Rhg6 29. Nh4 Rg4 30. dxe5 Rxh4 31. Qd6 Qxd6 32. exd6 Rxb4 33. Kxh2
Rh4+ 34. Kg1 Rhg4 0-1

[Event "Vårturnering"]
[Site "Ås"]
[Date "1987.03.12"]
[Round "6"]
[White "Lea, Per"]
[Black "Larsen, Vidar Stave"]
[WhiteElo "1708"]
[BlackElo "655"]
[Result "1/2-1/2"]
[PlyCount "81"]
[EventDate "1987.01.21"]
1.e4 e5 2.Nf3 Nc6 3.Bb5 a6 4.Ba4 Nf6 5.O-O b5 6.Bb3 Be7 7.Re1 O-O 8.
c3 d5 9.exd5 Nxd5 10.Nxe5 Nxe5 11.Rxe5 c6 12.d4 Bd6 13.Re1 Qh4 14.g3
Qh3 15.Be3 Bg4 16.Qd3 Qh5 17.f4 Rae8 18.Bxd5 Qxd5 19.Nd2 Bh3 20.Re2
Bf5 21.Ne4 Bxe4 22.Qd2 Qh5 23.Rf2 f5 24.a4 Re6 25.axb5 axb5 26.Qe2
Qh3 27.Rff1 Rfe8 28.Qf2 Bd5 29.Rfe1 Rh6 30.Bd2 Rxe1+ 31.Rxe1 Rh5 32.
Re8+ Bf8 33.Re1 c5 34.dxc5 Bxc5 35.Be3 Bxe3 36.Rxe3 Bc6 37.Qe2 h6 38.
Re6 Bd7 39.Re7 Bc6 40.Qe6+ Kh7 41.Rxg7+
1/2-1/2

[Event "Vårturnering"]
[Site "Ås"]
[Date "1987.03.31"]
[Round "7"]
[White "Johansen, Anders Sten"]
[Black "Lea, Per"]
[WhiteElo "1220"]
[BlackElo "1708"]
[Result "1/2-1/2"]
[PlyCount "50"]
[EventDate "1987.01.21"]
1.e4 e5 2.Nf3 Nc6 3.Bb5 a6 4.Ba4 Nf6 5.O-O Be7 6.Re1 b5 7.Bb3 O-O 8.
c3 d6 9.h3 Na5 10.Bc2 c5 11.d4 Qc7 12.Nbd2 Nc6 13.Nf1 Re8 14.dxc5
dxc5 15.Ne3 Rd8 16.Qe2 Bb7 17.Nf5 Bf8 18.Bg5 Be7 19.Qe3 c4 20.N3h4
Nh5 21.Bxe7 Nxe7 22.Qg5 Nxf5 23.Nxf5 g6 24.g3 f6 25.Qh6 Ng7
1/2-1/2

[Event "Vårturnering"]
[Site "Ås"]
[Date "1987.04.28"]
[Round "8"]
[White "Roberts, Dewi S"]
[Black "Lea, Per"]
[WhiteElo "1110"]
[BlackElo "1708"]
[Result "0-1"]
[EventDate "1987.01.21"]
[PlyCount "100"]
1.e4 e5 2.Nf3 Nc6 3.Bc4 Nf6 4.Nc3 Bc5 5.O-O d6 6.d3 Bg4 7.Be3 Qd7 8.
Bxc5 dxc5 9.Bb5 O-O 10.Nxe5 Nxe5 11.Bxd7 Bxd1 12.Ba4 Bg4 13.f3 Bd7 14.
f4 Nc6 15.e5 Ne8 16.Rae1 Rd8 17.Ne4 b6 18.c3 Nxe5 19.Bc2 Nc6 20.Bb3
Nd6 21.Ng5 h6 22.Nf3 Rde8 23.Nh4 Rxe1 24.Rxe1 Re8 25.Rxe8+ Nxe8 26.
Ng6 Be6 27.Bxe6 fxe6 28.Kf2 Kf7 29.Ne5+ Nxe5 30.fxe5 c6 31.Kf3 Nc7 32.
c4 b5 33.b3 a5 34.Ke4 Kg6 35.g3 Kg5 36.h3 Na6 37.a3 a4 38.bxa4 bxa4
39.d4 cxd4 40.Kxd4 Kf5 41.c5 Nxc5 42.Kxc5 Kxe5 43.Kxc6 Kd4 44.Kb5 e5
45.Kxa4 Kc4 46.g4 e4 47.h4 e3 48.g5 hxg5 49.hxg5 e2 50.g6 Kc5
0-1

[Event "Vårturnering"]
[Site "Ås"]
[Date "1987.04.28"]
[Round "8"]
[White "Skaug, Thorbjørn"]
[Black "Samset, Jon"]
[WhiteElo "1167"]
[BlackElo "968"]
[Result "1/2-1/2"]
[PlyCount "37"]
[EventDate "1987.01.21"]

1. b4 e5 2. a3 Nf6 3. Bb2 e4 4. e3 d5 5. h3 g6 6. d3 exd3 7. Bxd3 Bg7 8. Nf3
O-O 9. O-O Re8 10. Re1 Nc6 11. b5 Ne7 12. Nbd2 Nf5 13. c4 Be6 14. a4 Qd7 15.
Ne5 Qc8 16. cxd5 Nxd5 17. e4 Nh4 18. g4 Nf4 19. Bf1 1/2-1/2

[Event "Vårturnering"]
[Site "Ås"]
[Date "1987.04.28"]
[Round "8"]
[White "Skotland, Petter"]
[Black "Johansen, Anders Sten"]
[WhiteElo "845"]
[BlackElo "1220"]
[Result "1/2-1/2"]
[PlyCount "39"]
[EventDate "1987.01.21"]

1. e4 c5 2. d4 e6 3. Nf3 cxd4 4. Nxd4 Nf6 5. Nc3 d6 6. f4 Nc6 7. Nxc6 bxc6 8.
e5 Nd5 9. Nxd5 cxd5 10. Bd3 Qb6 11. Qe2 Bd7 12. c3 Qc7 13. O-O Be7 14. Bd2 g6
15. b4 O-O 16. Rac1 f6 17. Rce1 f5 18. Rc1 dxe5 19. fxe5 g5 20. c4 1/2-1/2